[Event "Team men PL"]
[Site "Sochi"]
[Date "2020.11.22"]
[Round "4.6"]
[White "Sarana, Alexey"]
[Black "Goganov, Aleksey"]
[Result "1/2-1/2"]
[BlackElo "2602"]
[WhiteElo "2636"]
[LiveChessVersion "1.4.8"]

1.d4 {[%clk 1:30:57]} Nf6 {[%clk 1:30:48]} 2.c4 {[%clk 1:31:20]}
e6 {[%clk 1:31:16]} 3.Nf3 {[%clk 1:31:45]} d5 {[%clk 1:31:42]}
4.Nc3 {[%clk 1:31:45]} Nbd7 {[%clk 1:32:06]} 5.Bg5 {[%clk 1:30:27]}
h6 {[%clk 1:32:28]} 6.Bh4 {[%clk 1:30:50]} Be7 {[%clk 1:32:49]}
7.cxd5 {[%clk 1:25:33]} Nxd5 {[%clk 1:30:19]} 8.Bxe7 {[%clk 1:24:10]}
Qxe7 {[%clk 1:30:43]} 9.Rc1 {[%clk 1:24:02]} c6 {[%clk 1:27:39]}
10.Qd2 {[%clk 1:15:01]} O-O {[%clk 1:16:28]} 11.e4 {[%clk 1:13:54]}
Nxc3 {[%clk 1:15:01]} 12.Qxc3 {[%clk 1:14:22]} e5 {[%clk 0:50:13]}
13.Nxe5 {[%clk 1:00:48]} c5 {[%clk 0:47:06]} 14.Nxd7 {[%clk 0:59:01]}
Bxd7 {[%clk 0:46:27]} 15.f3 {[%clk 0:50:33]} cxd4 {[%clk 0:46:19]}
16.Qxd4 {[%clk 0:50:56]} Rac8 {[%clk 0:40:21]} 17.Rc3 {[%clk 0:45:00]}
Rxc3 {[%clk 0:38:40]} 18.bxc3 {[%clk 0:45:29]} Rd8 {[%clk 0:27:40]}
19.Qxa7 {[%clk 0:34:33]} Qg5 {[%clk 0:19:21]} 20.Kf2 {[%clk 0:34:37]}
Bb5 {[%clk 0:12:53]} 21.Bxb5 {[%clk 0:33:43]} Qxb5 {[%clk 0:12:57]}
22.Qe3 {[%clk 0:28:38]} Rd3 {[%clk 0:11:49]} 23.Qf4 {[%clk 0:24:10]}
Rxc3 {[%clk 0:12:06]} 24.Rd1 {[%clk 0:18:28]} Rc2+ {[%clk 0:11:30]}
25.Kg3 {[%clk 0:17:10]} Rxg2+ {[%clk 0:11:39]} 26.Kxg2 {[%clk 0:17:37]}
Qe2+ {[%clk 0:12:06]} 27.Kg3 {[%clk 0:18:01]} Qxd1 {[%clk 0:12:33]}
28.Qb8+ {[%clk 0:18:26]} Kh7 {[%clk 0:13:01]} 29.Qxb7 {[%clk 0:18:50]}
Qg1+ {[%clk 0:13:24]} 30.Kh3 {[%clk 0:19:16]} Qf1+ {[%clk 0:13:50]}
31.Kg3 {[%clk 0:19:43]} Qg1+ {[%clk 0:14:12]} 32.Kh3 {[%clk 0:20:10]}
Qf1+ {[%clk 0:14:36]} 33.Kg3 {[%clk 0:20:37]} Qg1+ {[%clk 0:15:02]} 1/2-1/2

[Event "Team men PL"]
[Site "Sochi"]
[Date "2020.11.22"]
[Round "4.7"]
[White "Artemiev, Vladislav"]
[Black "Triapishko, Alexandr"]
[Result "1/2-1/2"]
[BlackElo "2506"]
[WhiteElo "2708"]
[LiveChessVersion "1.4.8"]

1.e4 {[%clk 1:30:51]} c5 {[%clk 1:26:48]} 2.Nf3 {[%clk 1:30:06]}
Nc6 {[%clk 1:22:36]} 3.Nc3 {[%clk 1:29:06]} e6 {[%clk 1:11:49]}
4.d4 {[%clk 1:26:03]} cxd4 {[%clk 1:11:29]} 5.Nxd4 {[%clk 1:26:22]}
Nf6 {[%clk 1:11:33]} 6.Qd3 {[%clk 1:14:45]} Qc7 {[%clk 0:57:28]}
7.Nxc6 {[%clk 1:06:43]} bxc6 {[%clk 0:41:51]} 8.Qg3 {[%clk 1:06:56]}
Qxg3 {[%clk 0:41:27]} 9.hxg3 {[%clk 1:07:15]} d5 {[%clk 0:39:30]}
10.Bd3 {[%clk 1:06:53]} g6 {[%clk 0:20:05]} 11.Bf4 {[%clk 1:01:54]}
Bg7 {[%clk 0:17:33]} 12.Bd6 {[%clk 0:58:47]} Bf8 {[%clk 0:13:39]}
13.Be5 {[%clk 0:57:43]} Bg7 {[%clk 0:13:46]} 14.exd5 {[%clk 0:52:49]}
exd5 {[%clk 0:11:28]} 15.O-O-O {[%clk 0:37:46]} O-O {[%clk 0:11:17]}
16.Rhe1 {[%clk 0:31:06]} Be6 {[%clk 0:05:36]} 17.Ba6 {[%clk 0:24:53]}
Bc8 {[%clk 0:04:52]} 18.Bf1 {[%clk 0:24:30]} Be6 {[%clk 0:03:25]}
19.f3 {[%clk 0:22:20]} h5 {[%clk 0:02:37]} 20.Ne2 {[%clk 0:22:03]}
a5 {[%clk 0:01:49]} 21.Nd4 {[%clk 0:21:29]} Bd7 {[%clk 0:01:53]}
22.Nb3 {[%clk 0:11:25]} a4 {[%clk 0:01:04]} 23.Nc5 {[%clk 0:11:49]}
Bf5 {[%clk 0:01:25]} 24.Bd3 {[%clk 0:09:16]} Bxd3 {[%clk 0:00:38]}
25.cxd3 {[%clk 0:09:37]} Rfd8 {[%clk 0:00:43]} 26.Rd2 {[%clk 0:04:00]}
Nd7 {[%clk 0:00:38]} 27.Bxg7 {[%clk 0:04:02]} Kxg7 {[%clk 0:00:53]}
28.Rc2 {[%clk 0:04:17]} Nxc5 {[%clk 0:00:34]} 29.Rxc5 {[%clk 0:04:41]}
Rd6 {[%clk 0:00:31]} 30.Kc2 {[%clk 0:04:53]} Kf6 {[%clk 0:00:33]}
31.Kc3 {[%clk 0:05:17]} Ra6 {[%clk 0:00:33]} 32.Kb4 {[%clk 0:01:44]}
Rb6+ {[%clk 0:00:39]} 33.Ka3 {[%clk 0:02:08]} Ra6 {[%clk 0:00:53]}
34.Rc2 {[%clk 0:00:36]} Re6 {[%clk 0:00:34]} 35.Rce2 {[%clk 0:00:42]}
c5 {[%clk 0:00:33]} 36.f4 {[%clk 0:01:05]} Ke7 {[%clk 0:00:38]}
37.Re5 {[%clk 0:00:41]} Kd6 {[%clk 0:00:45]} 38.R1e2 {[%clk 0:01:01]}
Ra7 {[%clk 0:00:38]} 39.R5e3 {[%clk 0:00:33]} Ra8 {[%clk 0:00:33]}
40.Re5 {[%clk 0:30:32]} Ra7 {[%clk 0:30:42]} 41.R5e3 {[%clk 0:21:30]}
Rxe3 {[%clk 0:11:18]} 42.Rxe3 {[%clk 0:21:52]} Rb7 {[%clk 0:11:45]}
43.Re8 {[%clk 0:11:39]} Rb4 {[%clk 0:11:14]} 44.Rd8+ {[%clk 0:09:07]}
Ke6 {[%clk 0:09:24]} 45.Re8+ {[%clk 0:07:46]} Kd7 {[%clk 0:05:48]}
46.Re3 {[%clk 0:06:15]} Kd6 {[%clk 0:04:07]} 47.Rf3 {[%clk 0:05:32]}
Rd4 {[%clk 0:01:58]} 48.b3 {[%clk 0:05:10]} axb3 {[%clk 0:02:19]}
49.Kxb3 {[%clk 0:05:36]} Rb4+ {[%clk 0:01:51]} 50.Kc2 {[%clk 0:06:01]}
Ra4 {[%clk 0:01:58]} 51.Kc3 1/2-1/2

[Event "Team men PL"]
[Site "Sochi"]
[Date "2020.11.22"]
[Round "4.8"]
[White "Kardashevskiy, Evgeny"]
[Black "Timofeev, Artyom"]
[Result "1/2-1/2"]
[BlackElo "2585"]
[WhiteElo "2436"]
[LiveChessVersion "1.4.8"]

1.d4 {[%clk 1:30:53]} d5 {[%clk 1:30:51]} 2.c4 {[%clk 1:31:06]}
e6 {[%clk 1:30:50]} 3.Nf3 {[%clk 1:31:14]} c5 {[%clk 1:27:28]}
4.cxd5 {[%clk 1:29:45]} exd5 {[%clk 1:27:40]} 5.Nc3 {[%clk 1:29:40]}
Nc6 {[%clk 1:26:40]} 6.g3 {[%clk 1:25:01]} Nf6 {[%clk 1:24:47]}
7.Bg2 {[%clk 1:24:55]} Be7 {[%clk 1:25:07]} 8.O-O {[%clk 1:24:15]}
O-O {[%clk 1:25:03]} 9.Bg5 {[%clk 1:22:55]} c4 {[%clk 1:15:26]}
10.Ne5 {[%clk 1:16:07]} Be6 {[%clk 1:15:35]} 11.f4 {[%clk 1:07:01]}
Ng4 {[%clk 0:58:21]} 12.Bxe7 {[%clk 0:57:28]} Nxe7 {[%clk 0:57:08]}
13.Nxg4 {[%clk 0:55:31]} Bxg4 {[%clk 0:57:32]} 14.Qd2 {[%clk 0:50:51]}
Qd7 {[%clk 0:53:38]} 15.Rfe1 {[%clk 0:44:39]} b5 {[%clk 0:46:17]}
16.b4 {[%clk 0:40:29]} a5 {[%clk 0:37:28]} 17.Reb1 {[%clk 0:38:29]}
Bf5 {[%clk 0:36:54]} 18.Rb2 {[%clk 0:37:47]} a4 {[%clk 0:32:58]}
19.a3 {[%clk 0:37:43]} Ra6 {[%clk 0:33:21]} 20.Re1 {[%clk 0:36:50]}
Rd6 {[%clk 0:33:31]} 21.Qe3 {[%clk 0:32:49]} g6 {[%clk 0:32:06]}
22.Qf2 {[%clk 0:31:11]} Kg7 {[%clk 0:30:25]} 23.Rd2 {[%clk 0:31:05]}
Rd8 {[%clk 0:30:43]} 24.Red1 {[%clk 0:30:31]} Bg4 {[%clk 0:20:54]}
25.Re1 {[%clk 0:30:21]} Bf5 {[%clk 0:16:31]} 26.Red1 {[%clk 0:30:32]}
Bg4 {[%clk 0:11:50]} 27.Re1 {[%clk 0:30:56]} Bf5 {[%clk 0:11:53]}
28.Red1 {[%clk 0:31:15]} Bg4 {[%clk 0:10:47]} 1/2-1/2

[Event "Team men PL"]
[Site "Sochi"]
[Date "2020.11.22"]
[Round "4.9"]
[White "Gaifullin, Artur"]
[Black "Musalov, Ruslan"]
[Result "1/2-1/2"]
[BlackElo "2348"]
[WhiteElo "2460"]
[LiveChessVersion "1.4.8"]

1.d4 {[%clk 1:30:57]} Nf6 {[%clk 1:30:38]} 2.Nf3 {[%clk 1:31:21]}
e6 {[%clk 1:30:47]} 3.g3 {[%clk 1:31:40]} c5 {[%clk 1:27:21]}
4.Bg2 {[%clk 1:32:04]} Nc6 {[%clk 1:27:21]} 5.O-O {[%clk 1:32:27]}
Be7 {[%clk 1:26:15]} 6.c4 {[%clk 1:32:48]} cxd4 {[%clk 1:23:47]}
7.Nxd4 {[%clk 1:33:12]} a6 {[%clk 1:24:00]} 8.Nc3 {[%clk 1:33:02]}
Qc7 {[%clk 1:21:11]} 9.b3 {[%clk 1:31:48]} O-O {[%clk 1:21:23]}
10.Bb2 {[%clk 1:31:51]} Rb8 {[%clk 1:16:13]} 11.Rc1 {[%clk 1:23:06]}
Rd8 {[%clk 0:59:59]} 12.a3 {[%clk 1:18:33]} Nxd4 {[%clk 0:53:37]}
13.Qxd4 {[%clk 1:19:01]} b6 {[%clk 0:53:43]} 14.e4 {[%clk 1:17:26]}
d6 {[%clk 0:40:03]} 15.Rfd1 {[%clk 1:13:40]} Bb7 {[%clk 0:26:43]}
16.b4 {[%clk 1:12:11]} Bf8 {[%clk 0:25:55]} 17.f4 {[%clk 1:07:31]}
a5 {[%clk 0:17:31]} 18.Nb5 {[%clk 1:01:51]} Qe7 {[%clk 0:15:02]}
19.Qe3 {[%clk 0:54:02]} axb4 {[%clk 0:14:22]} 20.axb4 {[%clk 0:54:23]}
e5 {[%clk 0:08:07]} 21.f5 {[%clk 0:52:03]} d5 {[%clk 0:07:26]}
22.exd5 {[%clk 0:50:04]} Qxb4 {[%clk 0:07:44]} 23.Ba3 {[%clk 0:50:23]}
Bc5 {[%clk 0:08:06]} 24.Qxc5 {[%clk 0:50:48]} Qxc5+ {[%clk 0:08:20]}
25.Bxc5 {[%clk 0:51:15]} bxc5 {[%clk 0:08:48]} 26.Ra1 {[%clk 0:49:26]}
g6 {[%clk 0:07:25]} 27.fxg6 {[%clk 0:48:41]} Bxd5 {[%clk 0:06:37]}
28.Bxd5 {[%clk 0:47:33]} Nxd5 {[%clk 0:07:01]} 29.gxf7+ {[%clk 0:47:59]}
Kxf7 {[%clk 0:04:19]} 30.Ra7+ {[%clk 0:48:11]} Kg8 {[%clk 0:01:05]}
31.Rxd5 {[%clk 0:41:59]} Rxd5 {[%clk 0:01:32]} 32.cxd5 {[%clk 0:42:24]}
Rxb5 {[%clk 0:02:00]} 33.Re7 {[%clk 0:40:31]} c4 {[%clk 0:00:56]}
34.d6 {[%clk 0:40:49]} Kf8 {[%clk 0:01:17]} 35.Rxh7 {[%clk 0:41:03]}
Rd5 {[%clk 0:01:32]} 36.Rc7 {[%clk 0:40:26]} Rxd6 {[%clk 0:01:48]}
37.Rxc4 {[%clk 0:40:52]} Kf7 {[%clk 0:01:54]} 38.Rc2 {[%clk 0:40:09]}
Kf6 {[%clk 0:01:55]} 39.Kg2 {[%clk 0:39:02]} e4 {[%clk 0:01:16]}
40.h4 {[%clk 1:09:06]} Ke5 {[%clk 0:30:56]} 41.h5 {[%clk 1:04:04]}
Kf5 {[%clk 0:28:10]} 42.Kh3 {[%clk 1:02:49]} e3 {[%clk 0:27:29]}
43.Rc1 {[%clk 0:25:02]} Ke4 {[%clk 0:14:22]} 44.Kg4 {[%clk 0:23:34]}
e2 {[%clk 0:13:26]} 45.Re1 {[%clk 0:23:56]} Ke3 {[%clk 0:13:45]}
46.Kg5 {[%clk 0:24:16]} 1/2-1/2

[Event "Team men PL"]
[Site "Sochi"]
[Date "2020.11.22"]
[Round "4.10"]
[White "Truskavetsky, Alexandr"]
[Black "Makhmutov, Rail"]
[Result "0-1"]
[BlackElo "2442"]
[WhiteElo "2399"]
[LiveChessVersion "1.4.8"]

1.d4 {[%clk 1:30:56]} Nf6 {[%clk 1:30:52]} 2.Nf3 {[%clk 1:31:09]}
d5 {[%clk 1:31:12]} 3.g3 {[%clk 1:29:23]} Bg4 {[%clk 1:26:04]}
4.Bg2 {[%clk 1:28:44]} e6 {[%clk 1:23:21]} 5.h3 {[%clk 1:20:53]}
Bh5 {[%clk 1:22:07]} 6.c4 {[%clk 1:21:01]} c6 {[%clk 1:22:05]}
7.Qb3 {[%clk 1:21:10]} Qb6 {[%clk 1:21:53]} 8.c5 {[%clk 1:18:05]}
Qa6 {[%clk 1:14:52]} 9.Nc3 {[%clk 0:56:20]} b6 {[%clk 1:09:47]}
10.cxb6 {[%clk 0:56:18]} axb6 {[%clk 1:09:53]} 11.g4 {[%clk 0:55:00]}
Bg6 {[%clk 1:09:55]} 12.Ne5 {[%clk 0:54:47]} Nfd7 {[%clk 0:59:01]}
13.Nxg6 {[%clk 0:54:31]} hxg6 {[%clk 0:59:30]} 14.O-O {[%clk 0:52:18]}
Nf6 {[%clk 0:51:32]} 15.g5 {[%clk 0:32:47]} Nh5 {[%clk 0:44:45]}
16.e4 {[%clk 0:32:59]} dxe4 {[%clk 0:44:18]} 17.Bxe4 {[%clk 0:28:40]}
Be7 {[%clk 0:42:43]} 18.Re1 {[%clk 0:24:25]} Ra7 {[%clk 0:34:19]}
19.Bxg6 {[%clk 0:22:01]} fxg6 {[%clk 0:34:39]} 20.Qxe6 {[%clk 0:22:20]}
Kd8 {[%clk 0:26:49]} 21.d5 {[%clk 0:13:55]} Qc8 {[%clk 0:24:47]}
22.Be3 {[%clk 0:07:11]} Qxe6 {[%clk 0:21:01]} 23.Bxb6+ {[%clk 0:07:25]}
Kc8 {[%clk 0:21:22]} 24.Rxe6 {[%clk 0:07:25]} Ra6 {[%clk 0:18:25]}
25.Be3 {[%clk 0:06:55]} Bb4 {[%clk 0:18:25]} 26.d6 {[%clk 0:05:33]}
Bxc3 {[%clk 0:14:55]} 27.bxc3 {[%clk 0:05:57]} Nd7 {[%clk 0:15:21]}
28.c4 {[%clk 0:02:16]} c5 {[%clk 0:13:51]} 29.Rb1 {[%clk 0:00:59]}
Rxa2 {[%clk 0:10:32]} 30.Rb5 {[%clk 0:00:58]} Ra4 {[%clk 0:08:22]}
31.Re4 {[%clk 0:00:53]} Ra6 {[%clk 0:08:31]} 32.Bxc5 {[%clk 0:00:38]}
Nxc5 {[%clk 0:08:53]} 33.Rxc5+ {[%clk 0:01:04]} Kd7 {[%clk 0:09:18]}
34.Re7+ {[%clk 0:00:48]} Kxd6 {[%clk 0:09:45]} 35.Rce5 {[%clk 0:00:39]}
Nf4 {[%clk 0:08:22]} 36.Re3 {[%clk 0:00:46]} Ra1+ {[%clk 0:07:48]}
37.Kh2 {[%clk 0:01:11]} Rxh3+ {[%clk 0:08:04]} 38.Rxh3 {[%clk 0:01:25]}
Kxe7 {[%clk 0:08:32]} 39.Rb3 {[%clk 0:00:41]} Ke6 {[%clk 0:07:58]}
40.Rb7 {[%clk 0:30:45]} Rc1 {[%clk 0:36:02]} 0-1

[Event "Team men PL"]
[Site "Sochi"]
[Date "2020.11.22"]
[Round "4.11"]
[White "Samusenko, Maksim"]
[Black "Alexeev, Alexey"]
[Result "1/2-1/2"]
[BlackElo "2246"]
[WhiteElo "2466"]
[LiveChessVersion "1.4.8"]

1.d4 {[%clk 1:30:48]} d5 {[%clk 1:30:49]} 2.Nc3 {[%clk 1:30:35]}
Nf6 {[%clk 1:30:50]} 3.Bf4 {[%clk 1:30:30]} c5 {[%clk 1:30:44]}
4.e3 {[%clk 1:30:10]} cxd4 {[%clk 1:31:02]} 5.exd4 {[%clk 1:30:22]}
a6 {[%clk 1:31:18]} 6.Nf3 {[%clk 1:29:09]} Nc6 {[%clk 1:31:16]}
7.Ne5 {[%clk 1:26:58]} Bd7 {[%clk 1:30:40]} 8.Be2 {[%clk 1:19:40]}
e6 {[%clk 1:30:31]} 9.a3 {[%clk 1:17:14]} Qb6 {[%clk 1:30:28]}
10.Nxc6 {[%clk 1:15:09]} Bxc6 {[%clk 1:28:06]} 11.Rb1 {[%clk 1:14:28]}
Be7 {[%clk 1:28:13]} 12.O-O {[%clk 1:13:12]} O-O {[%clk 1:28:20]}
13.Re1 {[%clk 1:10:19]} Nd7 {[%clk 1:26:29]} 14.Bf3 {[%clk 1:02:50]}
Bf6 {[%clk 1:24:08]} 15.Ne2 {[%clk 1:01:59]} Bb5 {[%clk 1:20:53]}
16.c3 {[%clk 1:01:32]} Rfc8 {[%clk 1:20:51]} 17.Nc1 {[%clk 0:55:18]}
a5 {[%clk 1:14:08]} 18.a4 {[%clk 0:51:26]} Bc4 {[%clk 1:03:26]}
19.Qd2 {[%clk 0:49:10]} Ba6 {[%clk 0:52:27]} 20.Nd3 {[%clk 0:42:33]}
Qc6 {[%clk 0:44:33]} 21.Ra1 {[%clk 0:33:37]} b5 {[%clk 0:38:43]}
22.axb5 {[%clk 0:30:49]} Bxb5 {[%clk 0:38:08]} 23.Ne5 {[%clk 0:20:46]}
Nxe5 {[%clk 0:30:18]} 24.Bxe5 {[%clk 0:20:38]} Bxe5 {[%clk 0:30:20]}
25.dxe5 {[%clk 0:20:41]} a4 {[%clk 0:30:22]} 26.Re3 {[%clk 0:20:33]}
Qc5 {[%clk 0:22:41]} 27.Bd1 {[%clk 0:20:14]} Rd8 {[%clk 0:21:44]}
28.Bc2 {[%clk 0:17:59]} h6 {[%clk 0:15:20]} 29.Rd1 {[%clk 0:14:38]}
a3 {[%clk 0:14:08]} 30.bxa3 {[%clk 0:14:34]} Rxa3 {[%clk 0:11:37]}
31.Rg3 {[%clk 0:14:43]} Kf8 {[%clk 0:11:18]} 32.Bb1 {[%clk 0:06:21]}
Rc8 {[%clk 0:04:33]} 33.Rc1 {[%clk 0:06:34]} d4 {[%clk 0:03:56]}
34.c4 {[%clk 0:06:38]} Rxg3 {[%clk 0:03:19]} 35.hxg3 {[%clk 0:07:03]}
Bc6 {[%clk 0:03:07]} 36.Qf4 {[%clk 0:06:29]} Ra8 {[%clk 0:02:33]}
37.Bg6 {[%clk 0:04:45]} Be8 {[%clk 0:02:51]} 38.Bd3 {[%clk 0:03:21]}
Ra3 {[%clk 0:02:38]} 39.Rd1 {[%clk 0:03:21]} Ra5 {[%clk 0:02:02]}
40.Re1 {[%clk 0:32:02]} Bc6 {[%clk 0:31:02]} 41.Bf1 {[%clk 0:25:54]}
Ra8 {[%clk 0:26:46]} 42.Rd1 {[%clk 0:24:40]} Rd8 {[%clk 0:26:41]}
43.g4 {[%clk 0:24:18]} Kg8 {[%clk 0:19:16]} 44.Bd3 {[%clk 0:20:16]}
Ra8 {[%clk 0:18:13]} 45.Bf1 {[%clk 0:19:18]} Rd8 {[%clk 0:16:14]}
46.Bd3 {[%clk 0:10:10]} Ra8 {[%clk 0:16:35]} 47.Bf1 {[%clk 0:10:16]} 1/2-1/2

[Event "Team men PL"]
[Site "Sochi"]
[Date "2020.11.22"]
[Round "4.12"]
[White "Pervakov, Sergey"]
[Black "Faizrakhmanov, Ramil"]
[Result "0-1"]
[BlackElo "2450"]
[WhiteElo "2067"]
[LiveChessVersion "1.4.8"]

1.d4 {[%clk 1:30:46]} Nf6 {[%clk 1:30:36]} 2.Nf3 {[%clk 1:30:32]}
e6 {[%clk 1:30:37]} 3.Bf4 {[%clk 1:30:51]} c5 {[%clk 1:29:48]}
4.e3 {[%clk 1:31:09]} d5 {[%clk 1:29:10]} 5.c3 {[%clk 1:29:36]}
Nc6 {[%clk 1:29:08]} 6.Nbd2 {[%clk 1:28:56]} Bd6 {[%clk 1:28:50]}
7.Bg3 {[%clk 1:29:07]} O-O {[%clk 1:28:47]} 8.Bd3 {[%clk 1:29:31]}
b6 {[%clk 1:28:40]} 9.O-O {[%clk 1:23:35]} Bb7 {[%clk 1:28:11]}
10.Qe2 {[%clk 1:17:04]} Re8 {[%clk 1:16:04]} 11.Rad1 {[%clk 1:10:00]}
e5 {[%clk 1:14:00]} 12.dxe5 {[%clk 1:09:18]} Nxe5 {[%clk 1:13:54]}
13.Nxe5 {[%clk 1:09:44]} Bxe5 {[%clk 1:14:13]} 14.Bxe5 {[%clk 1:09:54]}
Rxe5 {[%clk 1:14:35]} 15.Nf3 {[%clk 1:09:34]} Re7 {[%clk 1:14:16]}
16.Ba6 {[%clk 1:07:08]} Qc8 {[%clk 1:12:00]} 17.Bxb7 {[%clk 1:04:39]}
Qxb7 {[%clk 1:11:59]} 18.Qd3 {[%clk 1:02:19]} g6 {[%clk 1:10:45]}
19.h3 {[%clk 0:54:00]} Rd8 {[%clk 1:08:45]} 20.Rfe1 {[%clk 0:48:29]}
Red7 {[%clk 1:06:03]} 21.Qb5 {[%clk 0:41:44]} Rd6 {[%clk 1:04:36]}
22.Qa4 {[%clk 0:39:26]} Qe7 {[%clk 1:02:49]} 23.Qf4 {[%clk 0:29:46]}
Ne4 {[%clk 0:57:59]} 24.Qh4 {[%clk 0:26:28]} f6 {[%clk 0:50:22]}
25.Nd2 {[%clk 0:20:45]} Kg7 {[%clk 0:49:16]} 26.Nxe4 {[%clk 0:17:17]}
dxe4 {[%clk 0:49:19]} 27.Rxd6 {[%clk 0:15:26]} Rxd6 {[%clk 0:49:41]}
28.Qg4 {[%clk 0:13:44]} Rd2 {[%clk 0:49:42]} 29.Qc8 {[%clk 0:10:50]}
Kh6 {[%clk 0:40:20]} 30.a4 {[%clk 0:08:18]} f5 {[%clk 0:38:04]}
31.a5 {[%clk 0:07:08]} bxa5 {[%clk 0:35:23]} 32.Qb8 {[%clk 0:06:16]}
Rd6 {[%clk 0:28:13]} 33.Ra1 {[%clk 0:06:00]} Rb6 {[%clk 0:27:59]}
34.Qf4+ {[%clk 0:06:14]} Kg7 {[%clk 0:28:13]} 35.Rxa5 {[%clk 0:04:07]}
Rxb2 {[%clk 0:28:19]} 36.h4 {[%clk 0:04:02]} Rb6 {[%clk 0:24:35]}
37.h5 {[%clk 0:04:07]} a6 {[%clk 0:24:34]} 38.h6+ {[%clk 0:03:46]}
Kf7 {[%clk 0:23:31]} 39.Kh2 {[%clk 0:01:56]} Ke6 {[%clk 0:23:16]}
40.Qg3 {[%clk 0:30:51]} Qd6 {[%clk 0:51:19]} 41.Qxd6+ {[%clk 0:26:34]}
Kxd6 {[%clk 0:51:43]} 42.c4 {[%clk 0:24:47]} g5 {[%clk 0:50:53]}
43.Kh3 {[%clk 0:17:46]} Rc6 {[%clk 0:50:38]} 44.g4 {[%clk 0:12:41]}
Ke5 {[%clk 0:46:31]} 45.gxf5 {[%clk 0:12:37]} Kxf5 {[%clk 0:46:50]}
46.Kg3 {[%clk 0:12:33]} g4 {[%clk 0:44:26]} 47.Kg2 {[%clk 0:10:55]}
Kg6 {[%clk 0:44:31]} 48.Kg3 {[%clk 0:11:13]} Kg5 {[%clk 0:44:53]}
49.Ra1 {[%clk 0:10:13]} Rxh6 {[%clk 0:44:56]} 50.Rd1 {[%clk 0:10:40]}
Rf6 {[%clk 0:44:02]} 51.Rd5+ {[%clk 0:10:43]} Rf5 {[%clk 0:44:24]}
52.Rd6 {[%clk 0:10:31]} h5 {[%clk 0:43:41]} 53.Rxa6 {[%clk 0:08:37]}
h4+ {[%clk 0:44:04]} 54.Kg2 {[%clk 0:09:05]} h3+ {[%clk 0:44:24]}
55.Kg1 {[%clk 0:09:09]} h2+ {[%clk 0:42:46]} 56.Kxh2 {[%clk 0:08:38]}
Rxf2+ {[%clk 0:43:10]} 57.Kg3 {[%clk 0:07:30]} Rf3+ {[%clk 0:42:25]}
58.Kg2 {[%clk 0:07:54]} Rxe3 {[%clk 0:42:47]} 59.Rc6 {[%clk 0:08:15]}
Rc3 {[%clk 0:42:43]} 60.Rxc5+ {[%clk 0:08:25]} Kf4 {[%clk 0:42:57]}
61.Rc8 {[%clk 0:08:18]} Rc2+ {[%clk 0:41:58]} 62.Kf1 {[%clk 0:07:56]}
Kf3 {[%clk 0:40:35]} 63.Rf8+ {[%clk 0:07:52]} Ke3 {[%clk 0:41:00]}
64.Rg8 {[%clk 0:05:07]} Rxc4 {[%clk 0:40:59]} 65.Kg2 {[%clk 0:04:43]}
Kd3 {[%clk 0:40:20]} 66.Rxg4 {[%clk 0:01:48]} e3 {[%clk 0:40:22]}
67.Rg8 {[%clk 0:01:30]} e2 {[%clk 0:40:38]} 68.Rd8+ {[%clk 0:01:44]}
Ke3 {[%clk 0:41:02]} 69.Re8+ {[%clk 0:02:01]} Kd2 {[%clk 0:41:27]}
70.Rd8+ {[%clk 0:02:01]} Ke1 {[%clk 0:41:50]} 71.Ra8 {[%clk 0:01:53]}
Re4 {[%clk 0:41:56]} 72.Kf3 {[%clk 0:00:59]} Re7 {[%clk 0:42:21]}
73.Rh8 {[%clk 0:00:42]} Kd2 0-1

[Event "Team men PL"]
[Site "Sochi"]
[Date "2020.11.22"]
[Round "4.13"]
[White "Demchenko, Anton"]
[Black "Andreikin, Dmitry"]
[Result "0-1"]
[BlackElo "2726"]
[WhiteElo "2626"]
[LiveChessVersion "1.4.8"]

1.d4 {[%clk 1:30:56]} Nf6 {[%clk 1:30:12]} 2.Nf3 {[%clk 1:31:16]}
d5 {[%clk 1:31:00]} 3.Bf4 {[%clk 1:31:35]} c5 {[%clk 1:31:02]}
4.e3 {[%clk 1:31:58]} Nc6 {[%clk 1:31:25]} 5.Nbd2 {[%clk 1:32:17]}
Nh5 {[%clk 1:31:36]} 6.dxc5 {[%clk 1:31:07]} Nxf4 {[%clk 1:31:22]}
7.exf4 {[%clk 1:31:32]} g6 {[%clk 1:31:48]} 8.Bb5 {[%clk 1:22:27]}
Bh6 {[%clk 1:28:59]} 9.g3 {[%clk 1:21:07]} Bh3 {[%clk 1:28:55]}
10.Bf1 {[%clk 1:17:06]} Bg4 {[%clk 1:28:39]} 11.Be2 {[%clk 1:10:47]}
Qa5 {[%clk 1:20:01]} 12.Nd4 {[%clk 1:03:05]} Bxe2 {[%clk 1:17:31]}
13.Nxe2 {[%clk 1:03:20]} Qxc5 {[%clk 1:16:19]} 14.Nb3 {[%clk 1:00:41]}
Qc4 {[%clk 1:15:11]} 15.O-O {[%clk 1:00:03]} Bg7 {[%clk 1:12:06]}
16.c3 {[%clk 1:00:21]} O-O {[%clk 1:12:12]} 17.Re1 {[%clk 0:58:25]}
e6 {[%clk 1:10:00]} 18.h4 {[%clk 0:43:14]} b5 {[%clk 1:04:35]}
19.a3 {[%clk 0:42:32]} a5 {[%clk 1:03:21]} 20.Rc1 {[%clk 0:42:33]}
Rfc8 {[%clk 0:57:52]} 21.h5 {[%clk 0:37:26]} Qa4 {[%clk 0:51:08]}
22.Ra1 {[%clk 0:36:52]} Qc4 {[%clk 0:49:50]} 23.Rc1 {[%clk 0:37:06]}
Qa4 {[%clk 0:49:52]} 24.Ra1 {[%clk 0:37:30]} Rc7 {[%clk 0:48:11]}
25.hxg6 {[%clk 0:33:33]} hxg6 {[%clk 0:48:24]} 26.Kg2 {[%clk 0:30:33]}
Rd8 {[%clk 0:40:49]} 27.f3 {[%clk 0:21:19]} Rcc8 {[%clk 0:28:05]}
28.Rh1 {[%clk 0:16:35]} d4 {[%clk 0:20:06]} 29.cxd4 {[%clk 0:09:54]}
b4 {[%clk 0:19:48]} 30.Qd3 {[%clk 0:07:19]} bxa3 {[%clk 0:16:56]}
31.Rxa3 {[%clk 0:07:09]} Qb4 {[%clk 0:16:41]} 32.Rc1 {[%clk 0:06:47]}
Qb6 {[%clk 0:06:36]} 33.Raa1 {[%clk 0:01:06]} Rb8 {[%clk 0:06:16]}
34.Rc3 {[%clk 0:00:42]} Nxd4 {[%clk 0:06:08]} 35.Nbxd4 {[%clk 0:00:34]}
Bxd4 {[%clk 0:06:12]} 36.Rc2 {[%clk 0:00:31]} Bxb2 {[%clk 0:06:25]} 0-1

[Event "Team men PL"]
[Site "Sochi"]
[Date "2020.11.22"]
[Round "4.14"]
[White "Dreev, Aleksey"]
[Black "Alekseev, Evgeny"]
[Result "1/2-1/2"]
[BlackElo "2615"]
[WhiteElo "2655"]
[LiveChessVersion "1.4.8"]

1.d4 Nf6 {[%clk 1:30:53]} 2.c4 {[%clk 1:31:14]} e6 3.Nc3 {[%clk 1:31:55]}
Bb4 {[%clk 1:30:43]} 4.Qc2 {[%clk 1:31:57]} O-O 5.a3 {[%clk 1:32:19]}
Bxc3+ {[%clk 1:27:47]} 6.Qxc3 {[%clk 1:32:07]} b6 7.Bg5 Bb7 {[%clk 1:24:51]}
8.e3 {[%clk 1:27:03]} d6 {[%clk 1:23:03]} 9.Ne2 {[%clk 1:24:58]}
Nbd7 {[%clk 1:21:05]} 10.Qd3 {[%clk 1:20:58]} Re8 {[%clk 1:14:12]}
11.Nc3 {[%clk 1:18:37]} h6 {[%clk 1:07:49]} 12.Bh4 {[%clk 1:17:50]}
Nf8 {[%clk 1:07:28]} 13.Nb5 {[%clk 1:04:08]} N8d7 {[%clk 0:57:42]}
14.Nc3 {[%clk 0:53:13]} Nf8 {[%clk 0:57:38]} 15.Nb5 {[%clk 0:52:34]}
N8d7 {[%clk 0:58:00]} 16.Nc3 {[%clk 0:52:05]} Nf8 {[%clk 0:58:15]}
17.Nb5 {[%clk 0:52:00]} 1/2-1/2

[Event "Team men PL"]
[Site "Sochi"]
[Date "2020.11.22"]
[Round "4.15"]
[White "Kokarev, Dmitry"]
[Black "Zvjaginsev, Vadim"]
[Result "1/2-1/2"]
[BlackElo "2602"]
[WhiteElo "2621"]
[LiveChessVersion "1.4.8"]

1.e4 {[%clk 1:30:53]} c5 {[%clk 1:30:47]} 2.Nf3 {[%clk 1:31:11]}
a6 {[%clk 1:31:07]} 3.c3 {[%clk 1:31:06]} e6 {[%clk 1:31:27]}
4.d4 {[%clk 1:31:12]} d5 {[%clk 1:31:49]} 5.exd5 {[%clk 1:30:17]}
exd5 {[%clk 1:32:13]} 6.Be2 {[%clk 1:28:09]} Nf6 {[%clk 1:31:10]}
7.O-O {[%clk 1:28:18]} cxd4 {[%clk 1:29:26]} 8.Nxd4 {[%clk 1:28:07]}
Bd6 {[%clk 1:28:25]} 9.Na3 {[%clk 1:19:07]} O-O {[%clk 1:26:38]}
10.Nac2 {[%clk 1:19:30]} h6 {[%clk 1:21:33]} 11.Bf3 {[%clk 1:18:48]}
Nc6 {[%clk 1:20:03]} 12.Re1 {[%clk 1:18:53]} Re8 {[%clk 1:09:26]}
13.Rxe8+ {[%clk 1:14:13]} Qxe8 {[%clk 1:08:28]} 14.Qe2 {[%clk 1:11:25]}
Bd7 {[%clk 1:04:07]} 15.Qxe8+ {[%clk 1:09:26]} Rxe8 {[%clk 1:04:22]}
16.Be3 {[%clk 0:54:30]} Ne5 {[%clk 1:03:14]} 17.Re1 {[%clk 0:49:08]}
Nd3 {[%clk 1:00:32]} 18.Rb1 {[%clk 0:49:30]} Ne5 {[%clk 0:59:42]}
19.Re1 {[%clk 0:49:37]} Nd3 {[%clk 0:59:38]} 20.Rb1 {[%clk 0:49:53]}
Ne5 {[%clk 0:59:29]} 1/2-1/2